| 000 | 00867nam0a22002771 4500 | ||
|---|---|---|---|
| 001 | rc\417510 | ||
| 005 | 20250621080249.0 | ||
| 010 |
_a5-225-00170-X _917000 |
||
| 035 | _a(NLR Aleph) 005665174 | ||
| 090 |
_a6915030 _c6915030 |
||
| 100 | _a20030616d1988 |||y0rusy50 ca | ||
| 101 | 0 | _arus | |
| 102 | _aRU | ||
| 105 | _aa ||||||||| | ||
| 200 | 1 | _aМикрохирургия в травматологии | |
| 210 |
_aЛ. _cМедицина. Ленингр. отд-ние _d1988 |
||
| 215 |
_a223, [1] с. _cил. _d22 |
||
| 300 | _aРез.: англ. | ||
| 320 | _aБиблиогр.: с. 203-221 | ||
| 700 | 1 |
_aБелоусов _bА.Е. _gАнатолий Егорович |
|
| 701 | 1 |
_aТкаченко _bС.С. _gСергей Степанович |
|
| 801 | 0 |
_aRU _bNLR _gpsbo |
|
| 801 | 1 |
_aRU _bELAR _2rusmarc |
|
| 852 |
_aNLR _j88-5/5445 |
||
| 942 | _cBOOK | ||
| 980 | _aNB | ||